01361nam a2200289 i 4500001000700000003000900007005001700016008004100033020002200074080002100096080006000117100003500177245013200212260010100344300005600445504004500501505012400546600003500670700002300705700003100728700003200759710003500791710005000826740005300876852005300929852008900982180902ES-MaACL20250817152142.0120821s2008 sp ac |||| | spa d a978-84-7812-689-7 a821.134.2-14"19" a821.134.2 Unamuno, Miguel de 7 Cristo de Velázquez.071 aUnamuno, Miguel de,d1864-193613aEl Cristo de Velázquez / cMiguel de Unamuno ; ilustraciones de Santiago Serrano ; edición al cuidado de Mario Hernández. aMadrid : bÁrea de Gobierno de las Artes, c2008 (fImp. Artesanal del Ayuntamiento de Madrid) a166 p. : bil. ; c22 cm + e1 libro anejo (125 p.) aBibliografía: p. 117-123 (libro anejo)8 aLibro anejo contiene: El Cristo de Velázquez: creación y creencia / Christopher Maurer (125 p., [1] de lám., il.)14aUnamuno, Miguel de,d1864-19361 aSerrano, Santiago.1 aHernández, Mario,d1945-1 aMaurer, Christopher,d1949-1 aMadrid. bÁrea de las Artes.2 aImprenta Artesanal del Ayuntamiento de Madrid32aEl Cristo de Velázquez: creación y creencia. aES-MaACLbR.145756jA-12182cDEPO1dOlim: N-5187 aES-MaACLbR.145757jA-12183dOlim: N-5188cDEPO1zDedicatoria autógrafa del autor